Countries by their greatest extent - Statistics

General Stats
  • This quiz has been taken 78 times
  • The average score is 4 of 15
Answer Stats
Year Continent Country % Correct
1279 Asia Mongolia
52%
226BC Asia India
47%
1638 Europe Poland
41%
1236 Caucusus Georgia
27%
480BC Europe Iran
27%
1775 South America Peru
27%
1866 South America Bolivia
26%
1200 Oceania Tonga
23%
1946 Asia Jordan
21%
1905 South America Ecuador
20%
1959 Africa Mali
17%
1590 Asia Myanmar
14%
1921 Europe Ireland
9%
1962 Africa Ghana
6%
1941 Europe Croatia
3%
No matching quizzes found
Score Distribution
Percent of People with Each Score
Percentile by Number Answered
Your Score History
You have not taken this quiz